Province romane - Statistics

General Stats
  • This quiz has been taken 21 times
    19 since last reset
  • The average score is 13 of 45
Answer Stats
Capoluogo Provincia % Correct
Syracusae Sicilia
86%
Alexandria Aegyptus
71%
Londinium Britannia
71%
Narbo Martius Gallia Narbonensis
64%
Caralis Sardinia et Corsica
64%
Antiochia Syria
57%
Adrianopoli/ Serdica/ Costantinopoli Thracia
57%
Mogontiacum Germania Superior
50%
Zama/ Carthago Africa Proconsularis
43%
Nicopolis Epirus
43%
Colonia Agrippinensis Germania Inferior
43%
Ulpia Traiana Sarmizegetusa Dacia
36%
Tessalonica Macedonia
36%
Aquincum Pannonia Inferior
36%
Carnuntum Pannonia Superior
36%
Efeso Asia
29%
Corduba Baetica
29%
Nicomedia Bithynia et Pontus
29%
Mediolanum Santonum/ Burdigala Gallia Aquitania
29%
Durocortorum/ Augusta Treverorum Gallia Belgica
29%
Lugdunum Gallia Lugdunensis
29%
Tarraco Hispania Tarraconensis
29%
Hierusalem Iudaea
29%
Attaleia Lycia et Pamphylia
29%
Salona Dalmatia
21%
Nisibi Mesopotamia
21%
Novae Moesia Inferior
21%
Naissus Moesia Superior
21%
Athenae Achaea
14%
Artaxata Armenia
14%
Hatra Assyria
14%
Caesarea Cappadocia
14%
Tarso Cilicia
14%
Salamina/ Costanza Cyprus
14%
Emerita Augusta Lusitania
14%
Iol-Caesarea Mauritania Caesariensis
14%
Volubilis/ Tingis Mauritania Tingitana
14%
Virunum Noricum
14%
Segusio Alpes Cottiae
7%
Cemenelum/ Eburodonum Alpes Maritimae
7%
Ancyra Galatia
7%
Augusta Vindelicorum Raetia
7%
Forum Claudii Vallensium Alpes Poeninae
0%
Nova Traiana Bostra Arabia Petraea
0%
Cyrene Creta et Cyrene
0%
No matching quizzes found
Score Distribution
Percent of People with Each Score
Percentile by Number Answered
Your Score History
You have not taken this quiz since the last reset